<?xml version="1.0" encoding="UTF-8"?><?xml-stylesheet type="text/xsl" href="static/style.xsl"?><OAI-PMH xmlns="http://www.openarchives.org/OAI/2.0/" xmlns:xsi="http://www.w3.org/2001/XMLSchema-instance" xsi:schemaLocation="http://www.openarchives.org/OAI/2.0/ http://www.openarchives.org/OAI/2.0/OAI-PMH.xsd"><responseDate>2026-04-28T19:33:12Z</responseDate><request verb="GetRecord" identifier="oai:uvadoc.uva.es:10324/79043" metadataPrefix="marc">https://uvadoc.uva.es/oai/request</request><GetRecord><record><header><identifier>oai:uvadoc.uva.es:10324/79043</identifier><datestamp>2025-12-02T08:36:10Z</datestamp><setSpec>com_10324_1138</setSpec><setSpec>com_10324_931</setSpec><setSpec>com_10324_894</setSpec><setSpec>col_10324_1226</setSpec></header><metadata><record xmlns="http://www.loc.gov/MARC21/slim" xmlns:doc="http://www.lyncode.com/xoai" xmlns:xsi="http://www.w3.org/2001/XMLSchema-instance" xmlns:dcterms="http://purl.org/dc/terms/" xsi:schemaLocation="http://www.loc.gov/MARC21/slim http://www.loc.gov/standards/marcxml/schema/MARC21slim.xsd">
<leader>00925njm 22002777a 4500</leader>
<datafield tag="042" ind1=" " ind2=" ">
<subfield code="a">dc</subfield>
</datafield>
<datafield tag="720" ind1=" " ind2=" ">
<subfield code="a">Andrés Asenjo, Beatriz de</subfield>
<subfield code="e">author</subfield>
</datafield>
<datafield tag="720" ind1=" " ind2=" ">
<subfield code="a">Bhangu, A.</subfield>
<subfield code="e">author</subfield>
</datafield>
<datafield tag="720" ind1=" " ind2=" ">
<subfield code="a">Minaya-Bravo, A.M.</subfield>
<subfield code="e">author</subfield>
</datafield>
<datafield tag="720" ind1=" " ind2=" ">
<subfield code="a">Gallo, G.</subfield>
<subfield code="e">author</subfield>
</datafield>
<datafield tag="720" ind1=" " ind2=" ">
<subfield code="a">Glasbey, J.C.</subfield>
<subfield code="e">author</subfield>
</datafield>
<datafield tag="720" ind1=" " ind2=" ">
<subfield code="a">Kamarajah, S.</subfield>
<subfield code="e">author</subfield>
</datafield>
<datafield tag="720" ind1=" " ind2=" ">
<subfield code="a">Pinkney, T.</subfield>
<subfield code="e">author</subfield>
</datafield>
<datafield tag="260" ind1=" " ind2=" ">
<subfield code="c">2018</subfield>
</datafield>
<datafield tag="520" ind1=" " ind2=" ">
<subfield code="a">Transanal total mesorectal excision (TaTME) has rapidly emerged as a novel approach for rectal cancer surgery. Safety profiles are still emerging and more comparative data is urgently needed. This study aimed to compare indications and short-term out-comes of TaTME, open, laparoscopic, and robotic TME internationall</subfield>
</datafield>
<datafield tag="024" ind2=" " ind1="8">
<subfield code="a">Colorectal Disease 2018; 20:33-46.</subfield>
</datafield>
<datafield tag="024" ind2=" " ind1="8">
<subfield code="a">1462-8910</subfield>
</datafield>
<datafield tag="024" ind2=" " ind1="8">
<subfield code="a">https://uvadoc.uva.es/handle/10324/79043</subfield>
</datafield>
<datafield tag="024" ind2=" " ind1="8">
<subfield code="a">10.1111/CODI.14376</subfield>
</datafield>
<datafield tag="024" ind2=" " ind1="8">
<subfield code="a">33</subfield>
</datafield>
<datafield tag="024" ind2=" " ind1="8">
<subfield code="a">S6</subfield>
</datafield>
<datafield tag="024" ind2=" " ind1="8">
<subfield code="a">46</subfield>
</datafield>
<datafield tag="024" ind2=" " ind1="8">
<subfield code="a">Colorectal Disease</subfield>
</datafield>
<datafield tag="024" ind2=" " ind1="8">
<subfield code="a">20</subfield>
</datafield>
<datafield tag="024" ind2=" " ind1="8">
<subfield code="a">1463-1318</subfield>
</datafield>
<datafield ind1=" " ind2=" " tag="653">
<subfield code="a">Cáncer</subfield>
</datafield>
<datafield ind1=" " ind2=" " tag="653">
<subfield code="a">Cirugía</subfield>
</datafield>
<datafield ind1=" " ind2=" " tag="653">
<subfield code="a">Recto - Cáncer</subfield>
</datafield>
<datafield tag="245" ind1="0" ind2="0">
<subfield code="a">An international multicentre prospective audit of elective rectal cancer surgery; operative approach versus outcome, including transanal total mesorectal excision (TaTME)</subfield>
</datafield>
</record></metadata></record></GetRecord></OAI-PMH>